Определение необходимых параметров рабочего вещества для надежной работы мини-ТЭС; Проблемы геологии и освоения недр; Т. 2
| Parent link: | Проблемы геологии и освоения недр: труды XIX Международного симпозиума имени академика М. А. Усова студентов и молодых ученых, посвященного 70-летнему юбилею Победы советского народа над фашистской Германией, Томск, 6-10 апреля 2015 г./ Национальный исследовательский Томский политехнический университет (ТПУ), Институт природных ресурсов (ИПР) ; Общество инженеров-нефтяников, международная некоммерческая организация, Студенческий чаптер ; под ред. А. Ю. Дмитриева.— , 2015 Т. 2.— [С. 567-568] |
|---|---|
| প্রধান লেখক: | |
| সংস্থা লেখক: | |
| অন্যান্য লেখক: | |
| সংক্ষিপ্ত: | Заглавие с экрана |
| ভাষা: | রুশ |
| প্রকাশিত: |
|
| মালা: | Энергоснабжение и автоматизация объектов нефтегазовой промышленности |
| বিষয়গুলি: | |
| অনলাইন ব্যবহার করুন: | http://earchive.tpu.ru/handle/11683/22930 http://www.lib.tpu.ru/fulltext/c/2015/C11/V2/257.pdf |
| বিন্যাস: | MixedMaterials বৈদ্যুতিক গ্রন্থের অধ্যায় |
| KOHA link: | https://koha.lib.tpu.ru/cgi-bin/koha/opac-detail.pl?biblionumber=615563 |
MARC
| LEADER | 00000naa2a2200000 4500 | ||
|---|---|---|---|
| 001 | 615563 | ||
| 005 | 20240201131427.0 | ||
| 035 | |a (RuTPU)RU\TPU\conf\13762 | ||
| 035 | |a RU\TPU\conf\13761 | ||
| 090 | |a 615563 | ||
| 100 | |a 20151111d2015 k y0rusy50 ca | ||
| 101 | 0 | |a rus | |
| 102 | |a RU | ||
| 105 | |a y z 100zy | ||
| 135 | |a drgn ---uucaa | ||
| 181 | 0 | |a i | |
| 182 | 0 | |a b | |
| 200 | 1 | |a Определение необходимых параметров рабочего вещества для надежной работы мини-ТЭС |f О. В. Высокоморная, Е. С. Потегаева |g науч. рук. О. В. Высокоморная | |
| 203 | |a Текст |c электронный | ||
| 225 | 1 | |a Энергоснабжение и автоматизация объектов нефтегазовой промышленности | |
| 300 | |a Заглавие с экрана | ||
| 320 | |a [Библиогр.: с. 568 (6 назв.)] | ||
| 337 | |a Adobe Reader | ||
| 461 | 1 | |0 (RuTPU)RU\TPU\conf\12865 |t Проблемы геологии и освоения недр |o труды XIX Международного симпозиума имени академика М. А. Усова студентов и молодых ученых, посвященного 70-летнему юбилею Победы советского народа над фашистской Германией, Томск, 6-10 апреля 2015 г. |o в 2 т. |f Национальный исследовательский Томский политехнический университет (ТПУ), Институт природных ресурсов (ИПР) ; Общество инженеров-нефтяников, международная некоммерческая организация, Студенческий чаптер ; под ред. А. Ю. Дмитриева |d 2015 | |
| 463 | 1 | |0 (RuTPU)RU\TPU\conf\13350 |t Т. 2 |v [С. 567-568] | |
| 610 | 1 | |a труды учёных ТПУ | |
| 610 | 1 | |a электронный ресурс | |
| 610 | 1 | |a параметры | |
| 610 | 1 | |a рабочие вещества | |
| 610 | 1 | |a надежность | |
| 610 | 1 | |a мини-ТЭС | |
| 700 | 1 | |a Высокоморная |b О. В. |c физик |c доцент Томского политехнического университета, кандидат физико-математических наук |f 1984- |g Ольга Валерьевна |3 (RuTPU)RU\TPU\pers\26480 |9 12182 | |
| 701 | 1 | |a Потегаева |b Е. С. | |
| 702 | 1 | |a Высокоморная |b О. В. |c физик |c инженер-исследователь Томского политехнического университета, кандидат физико-математических наук |f 1984- |g Ольга Валерьевна |4 727 | |
| 712 | 0 | 2 | |a Национальный исследовательский Томский политехнический университет (ТПУ) |b Энергетический институт (ЭНИН) |b Кафедра автоматизации теплоэнергетических процессов (АТП) |3 (RuTPU)RU\TPU\col\18678 |
| 801 | 2 | |a RU |b 63413507 |c 20210119 |g RCR | |
| 856 | 4 | |u http://earchive.tpu.ru/handle/11683/22930 | |
| 856 | 4 | |u http://www.lib.tpu.ru/fulltext/c/2015/C11/V2/257.pdf | |
| 942 | |c BK | ||